00463 a2200169 4500000002100000001000700021005001700028008004100045020001800086082001600104100001600120245006700136260004100203300000900244630001600253700002400269BKB 14564020200902170958.0  a9781452257976 a362.1bH12B1 aHage, Sally1 aBest practices in preventioncby Sally Hage and John L. Romane aLos AngalesbSage Publicationsc2013 a59p. aSocial Work aRomane, John L.bc